Wilhelm's journey : an emigration journey / Anke ... Read More
Available copies
- 1 of 1 copy available at LARL/NWRL Consortium.
- 1 of 1 copy available at Northwest Regional Library. (Show preferred library)
Current holds
0 current holds with 1 total copy.
Show Only Available Copies
| Location | Call Number / Copy Notes | Barcode | Shelving Location | Status | Due Date |
|---|---|---|---|---|---|
| Thief River Falls Public Library | j BAR (Text) | 35500006219040 | Main | Available | - |
Record details
- ISBN: 9780735843523
- ISBN: 073584352X
- Physical Description: 62 pages : color illustrations ; 30 cm.
- Publisher: New York : NorthSouth Books, Inc., 2019.
- Copyright: ©2019
Content descriptions
| General Note: | First published in Germany under the title Wilhelms Reise : eine Auswanderergeschichte. |
| Bibliography, etc. Note: | Includes bibliographical information. |
| Summary, etc.: | "When a young child finds her great-great ... Read More |
Search for related items by subject
| LDR | 02828cam a2200529Ii 4500 | ||
|---|---|---|---|
| 001 | 330297 | ||
| 003 | LARL_NWRL_CONSORTIUM | ||
| 005 | 20190926205727.0 | ||
| 008 | 190627s2019 nyua b 000 1 eng d | ||
| 040 | . | ‡aSOM ‡beng ‡cSOM ‡dOCLCQ ‡dYDX ‡dBDX ‡dHBP ‡dIEP ‡dLMJ ‡dIUO ‡dNRG | |
| 019 | . | ‡a1085146078 | |
| 020 | . | ‡a9780735843523 | |
| 020 | . | ‡a073584352X | |
| 035 | . | ‡a(OCoLC)1109781123 ‡z(OCoLC)1085146078 | |
| 037 | . | ‡bSimon & Schuster, 100 Front st, Riverside, NJ, USA, 08075-7500 ‡nSAN 200-2442 | |
| 082 | 0 | 4. | ‡a[E] ‡223 |
| 049 | . | ‡aNRGA | |
| 100 | 1 | . | ‡aBär, Anke, ‡eauthor. |
| 245 | 1 | 0. | ‡aWilhelm's journey : ‡ban emigration journey / ‡cAnke Bär. |
| 264 | 1. | ‡aNew York : ‡bNorthSouth Books, Inc., ‡c2019. | |
| 264 | 4. | ‡c©2019 | |
| 300 | . | ‡a62 pages : ‡bcolor illustrations ; ‡c30 cm. | |
| 336 | . | ‡atext ‡btxt ‡2rdacontent | |
| 336 | . | ‡astill image ‡bsti ‡2rdacontent | |
| 337 | . | ‡aunmediated ‡bn ‡2rdamedia | |
| 338 | . | ‡avolume ‡bnc ‡2rdacarrier | |
| 520 | . | ‡a"When a young child finds her great-great grandfather Wilhelm's journal detailing his voyage across the Atlantic as an emigrant sailing from Bremerhaven, Germany to America in 1872, she is transported back in time. The journal entries capture young Wilhelm's hopes of escaping poverty, the adventure and poignancy of leaving behind all that is familiar, the wonders of life on the open sea, the work of the sailors, the daily struggles of sleeping in steerage, sea sickness, insect infestations, and boredom, but also the children's games and sense of community on board. And finally, the big day comes as the Columbia reaches the port of New York! Sidebar facts throughout offer insights about navigational tools, seamen's knots, sea creatures, and more in this historical picture book about the great age of emigration and life aboard a sailing ship."--Amazon. | |
| 504 | . | ‡aIncludes bibliographical information. | |
| 500 | . | ‡aFirst published in Germany under the title Wilhelms Reise : eine Auswanderergeschichte. | |
| 650 | 0. | ‡aImmigrant children ‡vJuvenile fiction. | |
| 650 | 0. | ‡aGermans ‡zNew York (State) ‡zNew York ‡vJuvenile fiction. | |
| 650 | 0. | ‡aTransatlantic voyages ‡vJuvenile fiction. | |
| 650 | 0. | ‡aOcean travel ‡vJuvenile fiction. | |
| 650 | 0. | ‡aEmigration and immigration ‡vJuvenile fiction. | |
| 650 | 0. | ‡aNineteenth century ‡vJuvenile fiction. | |
| 651 | 0. | ‡aGermany ‡xHistory ‡y1871-1918 ‡vJuvenile fiction. | |
| 650 | 1. | ‡aImmigrants ‡vFiction. ‡0(LARL_NWRL_CONSORTIUM)165206 | |
| 650 | 1. | ‡aGermans ‡zUnited States ‡vFiction. | |
| 650 | 1. | ‡aEmigration and immigration ‡vFiction. ‡0(LARL_NWRL_CONSORTIUM)169241 | |
| 650 | 1. | ‡aSailing ships ‡vFiction. | |
| 650 | 1. | ‡aSailing ships. ‡0(LARL_NWRL_CONSORTIUM)30142 | |
| 700 | 1 | . | ‡aSchmidt-Lange, Angelika C. ‡etranslator. |
| 905 | . | ‡ubacont | |
| 901 | . | ‡a330297 ‡b ‡c330297 ‡tbiblio ‡soclc | |

Add to basket
Permalink
Disable Highlighting